Nueva York entre tierra y cielo

Đã lưu trong:
Chi tiết về thư mục
Những tác giả chính: Yamashita, Michael (Tác giả), Bibb, Elizabeth (Tác giả)
Định dạng: Sách
Ngôn ngữ:Tiếng Tây Ban Nha
Được phát hành: Barcelona Luppa Solutions S.L 2014
Phiên bản:1a. ed
Những chủ đề:
Các nhãn: Thêm thẻ
Không có thẻ, Là người đầu tiên thẻ bản ghi này!

MARC

LEADER 00000cam a2200000 a 4500
001 UCC8200
003 CL-VaPUC
008 190607e20140000sp |||||||||||||||||spa|d
020 |a 9788416127122 
082 0 4 |a 917.471  |b YAM  |2 21 
100 0 |a Yamashita, Michael  |e author  |9 602853 
700 0 |a Bibb, Elizabeth  |e author  |9 602854 
245 1 0 |a Nueva York entre tierra y cielo 
250 |a 1a. ed 
300 |a 220 p 
942 |c BK 
945 |d 20190607 12:44:00  |a dcastane 
260 |a Barcelona  |b Luppa Solutions S.L  |c 2014 
650 0 |a Fotografía aérea (Aerofotografía)  |9 366417 
650 0 |a Fotografía artística  |9 269391 
651 7 |a NUEVA YORK  |2 CL-VaPUC  |9 347506 
583 |a last modification  |c 20190607 12:44:00  |k Rodrigo Vera 
999 |c 374573  |d 374571 
952 |0 0  |1 0  |3 erd  |4 0  |6 917_471000000000000_YAM_2014  |7 0  |8 C  |9 493183  |a BIBCUR  |b BIBCUR  |i 5591074  |l 1  |o 917.471 YAM 2014  |p 5591074  |r 2025-04-22  |s 2022-05-19  |w 2019-11-24  |y BK  |z Catalogado en:20190607  |k CAC